A TEXTBOOK OF STATISTICAL METHODS FOR BIOLOGISTS (Record no. 5574)

MARC details
000 -LEADER
fixed length control field 00428nam a22001697a 4500
005 - DATE AND TIME OF LATEST TRANSACTION
control field 20180519150823.0
008 - FIXED-LENGTH DATA ELEMENTS--GENERAL INFORMATION
fixed length control field 170916b xxu||||| |||| 00| 0 eng d
020 ## - INTERNATIONAL STANDARD BOOK NUMBER
ISBN 978-93-5016-207-1
041 ## - LANGUAGE CODE
Language code of text/sound track or separate title eng
082 ## - DEWEY DECIMAL CLASSIFICATION NUMBER
Classification number 519.5
100 ## - MAIN ENTRY--AUTHOR NAME
Personal name DESHMUKH, SUREKHA D.
245 ## - TITLE STATEMENT
Title A TEXTBOOK OF STATISTICAL METHODS FOR BIOLOGISTS
250 ## - EDITION STATEMENT
Edition statement 4th
260 ## - PUBLICATION, DISTRIBUTION, ETC. (IMPRINT)
Place of publication PUNE
Name of publisher VISION PUBLICATION
Year of publication 2017
300 ## - PHYSICAL DESCRIPTION
Number of Pages 9.24p.
942 ## - ADDED ENTRY ELEMENTS (KOHA)
Koha item type Books
Holdings
Lost status Damaged status Collection code Home library Current library Shelving location Date acquired Source of acquisition Cost, normal purchase price Full call number Accession Number Koha item type
    PHARMACY JRU Library JRU Library SHELF - 17 - I 16/09/2017 PURCHESS 200.00 519.5 21938 Books
    PHARMACY JRU Library JRU Library SHELF - 17 - I 16/09/2017 PURCHESS 200.00 519.5 21939 Books
    PHARMACY JRU Library JRU Library SHELF - 17 - I 16/09/2017 PURCHESS 200.00 519.5 21940 Books
    PHARMACY JRU Library JRU Library SHELF-6-E 16/09/2017 PURCHESS 200.00 519.5 21941 Books
    PHARMACY JRU Library JRU Library SHELF - 17 - I 16/09/2017 PURCHESS 200.00 519.5 21942 Books